000
00221 a2200097 4500
001
51107
100
_a
Akbar S Ahmed
245
_a
Pakistan Society
260
_a
Oxford
_b
Oxford University Press
_c
090
_c
32367
_d
32367
942
_a
NUST-CAE
_c
M
_c
24855
999
_c
286180
_d
286180